Normal view
MARC view
- Liu, Jinjun.
Entry Personal Name
001 - CONTROL NUMBER
- control field: 54352
003 - CONTROL NUMBER IDENTIFIER
- control field: OSt
005 - DATE AND TIME OF LATEST TRANSACTION
- control field: 20240312101416.0
008 - FIXED-LENGTH DATA ELEMENTS
- fixed length control field: 240312|| aca||aabn | a|a d
040 ## - CATALOGING SOURCE
- Original cataloging agency: OSt
- Transcribing agency: OSt
100 ## - HEADING--PERSONAL NAME
- Personal name: Liu, Jinjun.
- Relator term: author.
670 ## - SOURCE DATA FOUND
- Source citation: Work cat.: (OSt): Liu, Zipeng. author. 54351, A sampling optimized method for frequency response measurement in power electronics systems /, July 2022.
